01738nam a22001337a 4500082000800000100002600008245012200034264003900156300002600195520124500221650003701466700004401503856005701547 a621 aAbid, Muhammad Anees  aTo develop a technique to measure the diameter of crankshaft journal using three point contact /cMuhammad Anees Abid aIslamabad : bSMME- NUST; c2023.  a55p.bSoft Copyc30cm aThe purpose of this project is to design and manufacture the crankshaft inspection machine. This machine will be able to measure the diameter of crankshaft journal using three-point contact for both 3 cylinder and 4 cylinders. The measurement is done using three LVDT sensors with an accuracy of +_1 micron which are pointed towards the center of the crankshaft journal. The sensors are attached with the C type block mechanism that takes the readings over defined intervals. Two centers, Head stock and pneumatic tail stock are used to hold the crankshaft in place while inspection. Sensors are stationary and the crankshaft rotates by the means of stepper motor attached via belt. Three-point measurement is done by calculating the coordinates of all three points and then by using the least square approximation method, the radii is calculated by simultaneously solving the circle equations. The accuracy and precision is specified by the drawings provided by OEM. The design is optimized to take readings for the journals in such a way that radial alignments of probes become irrelevant. It is mainly due to innovative arrangement that allows point contact to the journal surface and has not been seen in precision measurement industry. aMS Mechanical Engineering  aSupervisor : Prof. Dr. Riaz Ahmed Mufti uhttp://10.250.8.41:8080/xmlui/handle/123456789/34610